都道府県別市区町村人口ランキングtop5(1920年) - Statistics

General Stats
  • This quiz has been taken 52 times
  • The average score is 98 of 235
Answer Stats
都道府県 人口 市区町村 % Correct
青森県1位 48941 青森市
86%
北海道1位 144749 函館区
81%
北海道3位 102580 札幌区
81%
北海道4位 61319 旭川区
79%
北海道2位 103113 小樽区
77%
青森県2位 32767 弘前市
77%
岩手県1位 42403 盛岡市
74%
宮城県1位 118984 仙台市
72%
茨城県1位 39363 水戸市
72%
東京府1位 2173201 東京市
72%
青森県3位 18255 八戸町
70%
秋田県1位 36281 秋田市
70%
山形県1位 48399 山形市
70%
福島県2位 35762 福島市
70%
栃木県1位 63771 宇都宮市
70%
群馬県1位 62325 前橋市
70%
群馬県3位 36792 高崎市
70%
新潟県1位 92130 新潟市
70%
新潟県2位 41627 長岡市
70%
富山県1位 61812 富山市
70%
滋賀県1位 31453 大津市
70%
福島県1位 37549 若松市
67%
埼玉県1位 24675 川越町
67%
神奈川県1位 422938 横浜市
67%
富山県2位 36648 高岡市
67%
石川県1位 129265 金沢市
67%
福井県1位 56639 福井市
67%
岐阜県1位 62713 岐阜市
67%
静岡県1位 74093 静岡市
67%
愛知県1位 429997 名古屋市
67%
三重県1位 47741 津市
67%
三重県3位 35165 四日市市
67%
福岡県5位 49336 若松市
67%
北海道5位 56082 室蘭区
65%
宮城県2位 22067 石巻町
65%
山梨県1位 56207 甲府市
65%
長野県1位 49999 松本市
65%
長野県3位 37308 長野市
65%
岐阜県2位 28334 大垣市
65%
静岡県2位 64749 浜松市
65%
愛知県2位 65163 豊橋市
65%
愛知県5位 27263 一宮町
65%
大阪府1位 1252983 大阪市
65%
和歌山県1位 83500 和歌山市
65%
島根県1位 37527 松江市
65%
岡山県1位 94585 岡山市
65%
岩手県4位 8750 一関町
63%
山形県4位 22174 酒田町
63%
福島県3位 26218 郡山町
63%
埼玉県3位 19057 大宮町
63%
千葉県1位 33179 千葉町
63%
神奈川県2位 89879 横須賀市
63%
長野県4位 26271 上田市
63%
愛知県3位 38527 岡崎市
63%
京都府1位 591323 京都市
63%
大阪府2位 84999 堺市
63%
兵庫県1位 608644 神戸市
63%
奈良県1位 40301 奈良市
63%
奈良県3位 13133 郡山町
63%
鳥取県1位 29274 鳥取市
63%
広島県1位 160510 広島市
63%
広島県2位 130362 呉市
63%
徳島県1位 68457 徳島市
63%
香川県1位 46550 高松市
63%
愛媛県1位 51250 松山市
63%
福岡県2位 95381 福岡市
63%
山形県2位 43007 米沢市
60%
山形県3位 28220 鶴岡町
60%
埼玉県2位 22282 熊谷町
60%
埼玉県4位 14351 川口町
60%
石川県2位 14784 小松町
60%
福井県2位 20189 敦賀町
60%
静岡県3位 20993 沼津町
60%
静岡県5位 17563 小山町
60%
兵庫県2位 45750 姫路市
60%
兵庫県3位 38461 尼崎市
60%
鳥取県3位 11519 倉吉町
60%
広島県3位 29768 福山市
60%
香川県2位 24480 丸亀市
60%
愛媛県2位 30296 今治市
60%
高知県1位 49329 高知市
60%
福岡県3位 72111 門司市
60%
佐賀県1位 33528 佐賀市
60%
長崎県1位 176534 長崎市
60%
長崎県2位 87022 佐世保市
60%
熊本県1位 70388 熊本市
60%
大分県1位 43150 大分市
60%
鹿児島県1位 103180 鹿児島市
60%
沖縄県1位 53882 那覇区
60%
秋田県5位 14299 横手町
58%
栃木県2位 33637 足利町
58%
群馬県2位 37674 桐生町
58%
群馬県5位 14295 伊勢崎町
58%
千葉県4位 14677 船橋町
58%
神奈川県5位 21391 川崎町
58%
岐阜県3位 16344 高山町
58%
鳥取県2位 22411 米子町
58%
岡山県5位 12864 倉敷町
58%
山口県1位 72300 下関市
58%
福岡県1位 100235 八幡市
58%
宮崎県3位 21116 宮崎町
58%
福島県4位 20175 平町
56%
石川県3位 12397 輪島町
56%
滋賀県2位 17668 彦根町
56%
兵庫県4位 33107 明石市
56%
和歌山県3位 11230 田辺町
56%
島根県2位 12256 浜田町
56%
岡山県3位 17085 津山町
56%
広島県4位 26466 尾道市
56%
宮崎県1位 25741 都城町
56%
神奈川県3位 23014 小田原町
53%
新潟県4位 20424 三条町
53%
富山県5位 12082 魚津町
53%
石川県4位 12042 七尾町
53%
和歌山県2位 23964 新宮町
53%
栃木県4位 24570 栃木町
51%
岐阜県4位 14204 中津町
51%
三重県4位 18988 桑名町
51%
三重県5位 16778 上野町
51%
滋賀県3位 12481 長浜町
51%
山口県3位 25297 山口町
51%
熊本県4位 12034 八代町
51%
大分県2位 28647 別府町
51%
大分県4位 13602 中津町
51%
宮城県4位 10580 古川町
49%
新潟県3位 28388 高田市
49%
福井県3位 18068 武生町
49%
福井県5位 8082 小浜町
49%
福井県4位 10824 大野町
47%
三重県2位 39270 宇治山田市
47%
京都府4位 18759 福知山町
47%
兵庫県5位 28428 西宮町
47%
香川県3位 16969 坂出町
47%
香川県4位 15599 善通寺町
47%
香川県5位 13856 観音寺町
47%
愛媛県3位 21923 宇和島町
47%
岩手県2位 20663 釜石町
44%
岩手県3位 9952 水沢町
44%
山形県5位 16555 新庄町
44%
茨城県3位 14997 古河町
44%
福岡県4位 64317 大牟田市
44%
岩手県5位 8708 宮古町
42%
群馬県4位 14635 館林町
42%
富山県4位 13088 氷見町
42%
京都府2位 26879 伏見町
42%
宮城県3位 13199 塩釜町
40%
宮城県5位 10271 白石町
40%
山口県5位 19114 徳山町
40%
沖縄県2位 22838 首里区
40%
奈良県4位 11799 高田町
37%
山口県4位 21325 防府町
37%
徳島県3位 13975 小松島町
37%
島根県3位 7506 今市町
35%
千葉県5位 12083 野田町
33%
東京府2位 80799 渋谷町
33%
新潟県5位 17813 新発田町
33%
富山県3位 19283 新湊町
33%
熊本県2位 20498 水俣町
33%
栃木県5位 18097 鹿沼町
30%
熊本県3位 15121 荒尾町
30%
山口県2位 38063 宇部村
28%
埼玉県5位 13807 本庄町
26%
大分県3位 18817 臼杵町
26%
茨城県2位 25263 日立村
23%
島根県4位 7288 平田町
23%
岡山県2位 20916 玉島町
23%
岡山県4位 13405 笠岡町
23%
高知県5位 8022 須崎町
23%
石川県5位 8632 大聖寺町
21%
長野県5位 17058 上諏訪町
21%
宮崎県2位 23217 小林町
21%
滋賀県5位 7559 水口町
19%
熊本県5位 11534 牛深町
19%
青森県5位 10240 野辺地町
16%
東京府3位 51478 西巣鴨町
16%
静岡県4位 18531 島田町
16%
茨城県4位 14502 石岡町
14%
千葉県3位 15299 佐原町
14%
滋賀県4位 7562 膳所町
14%
鹿児島県4位 25816 名瀬村
14%
茨城県5位 12840 結城町
12%
神奈川県4位 21431 保土ヶ谷町
12%
奈良県2位 13157 十津川村
12%
鹿児島県3位 25986 谷山村
12%
栃木県3位 32804 足尾町
9%
東京府4位 50713 南千住町
9%
和歌山県4位 10850 箕島町
9%
和歌山県5位 9470 湯浅町
9%
秋田県2位 17826 能代港町
7%
長野県2位 44278 平野村
7%
鳥取県5位 6236 若桜町
7%
徳島県2位 17420 撫養町
7%
沖縄県4位 21277 平良村
7%
福島県5位 20174 内郷村
5%
東京府5位 41551 日暮里町
5%
大阪府4位 50080 今宮町
5%
奈良県5位 10302 丹波市町
5%
島根県5位 6141 石見村
5%
高知県2位 8535 高岡町
5%
大分県5位 11349 佐賀関町
5%
青森県4位 11108 湊村
2%
秋田県3位 15020 土崎港町
2%
愛知県4位 30810 愛知町
2%
京都府3位 19518 中舞鶴町
2%
京都府5位 15504 新舞鶴町
2%
大阪府3位 56110 豊崎町
2%
愛媛県4位 11207 三津浜町
2%
長崎県4位 13287 松島村
2%
鹿児島県2位 27092 頴娃村
2%
沖縄県3位 22492 本部村
2%
秋田県4位 14681 小坂町
0%
千葉県2位 16917 本銚子町
0%
山梨県2位 9269 瑞穂村
0%
山梨県3位 9267 七里村
0%
山梨県4位 8874 増穂村
0%
山梨県5位 8263 谷村町
0%
岐阜県5位 10382 船津町
0%
大阪府5位 40904 鷺洲町
0%
鳥取県4位 6803 宇倍野村
0%
広島県5位 14051 倉橋島村
0%
徳島県4位 9949 加茂名町
0%
徳島県5位 8627 山城谷村
0%
愛媛県5位 10841 宮窪村
0%
高知県3位 8058 清松村
0%
高知県4位 8057 檮原村
0%
佐賀県2位 23881 相知村
0%
佐賀県3位 18087 北方村
0%
佐賀県4位 17318 北波多村
0%
佐賀県5位 14861 厳木村
0%
長崎県3位 15079 富江村
0%
長崎県5位 12825 崎戸村
0%
宮崎県4位 13405 飯野村
0%
宮崎県5位 11257 三股村
0%
鹿児島県5位 23577 東南方村
0%
沖縄県5位 17842 具志川村
0%
No matching quizzes found
Score Distribution
Percent of People with Each Score
Percentile by Number Answered
Your Score History
You have not taken this quiz